Hey Lover - The Daughters of Eve - Statistics

General Stats
  • This quiz has been taken 24 times
  • The average score is 28 of 34
Answer Stats
Hint Answer % Correct
Hey, hey, hey, _____ lover
100%
True love ___ understanding and
89%
In my heart, you’d be a ___ man big
89%
Just ____ __ true love and understanding give me
89%
Hey, hey, ___, lover hey
89%
___, ___, ___, lover Hey hey hey
89%
For the rest of __ days my
89%
You don’t have to be a ____ star
89%
____ ____ and understanding True love
89%
Just give me true love and _____________ understanding
89%
I love you just the way ___ are you
89%
No, you ___’_ have to worry don’t
83%
___ love is just the same For
83%
Without _______ and fame fortune
83%
In my _____, you’d be a big man heart
83%
Hey, hey, ___, _____ hey lover
83%
____ give me true love and understanding Just
83%
____ ____ me true love and understanding Just give
83%
____’_a problem in my hands Life’s
83%
True ____ ___ understanding love and
83%
But if you really, really ____ __ love me
83%
Life’s a problem in __ _____ my hands
83%
But if you ______, ______ love me really really
83%
For the ____ of my days rest
83%
Hey, lover, won’t you _____ me right? treat
83%
Hey, lover, ___’_ you treat me right? won’t
83%
You don’t have to be a ____ king
78%
For I’ll be _________ satisfied
78%
And be with me _______ tonight
78%
And be ____ __ tonight with me
78%
Well you don’t have to _____ worry
78%
____ ____ ___ _____________ True love and understanding
72%
You don’t have to have a _____ thing
67%
Long as you are my ___ guy
61%
No matching quizzes found
Score Distribution
Percent of People with Each Score
Percentile by Number Answered
Your Score History
You have not taken this quiz